Malezas: reconocimiento de semillas y plántulas /
Guardado en:
| Autor Principal: | |
|---|---|
| Otros Autores: | , |
| Formato: | Libro |
| Idioma: | Spanish |
| Publicado: |
Mendoza :
INTA; Centro Regional Cuyo,
1994.
|
| Edición: | 2a ed. |
| Series: | Agro de Cuyo Manuales ;
Nº 3 |
| Etiquetas: |
Agregar Etiqueta
Sin Etiquetas, Sea el primero en etiquetar este registro!
|
| LEADER | 00652nam a22001935a 4500 | ||
|---|---|---|---|
| 001 | EEA.libagro007985 | ||
| 005 | 20161111131237.0 | ||
| 008 | 130809s1994####ag#a##########000#0#spa#d | ||
| 022 | |a 0327-3377 | ||
| 082 | 0 | 4 | |a 632.58 |
| 100 | 1 | |a Rodríguez, N.E. | |
| 245 | 1 | 0 | |a Malezas: reconocimiento de semillas y plántulas / |c N.E Rodríguez, L.M. Faya de Falcón, S.M. Pieri. |
| 250 | |a 2a ed. | ||
| 260 | |a Mendoza : |b INTA; Centro Regional Cuyo, |c 1994. | ||
| 300 | |a 111 p. : |b il. + fotos ; |c 27 cm. | ||
| 490 | 1 | |a Agro de Cuyo Manuales ; |v Nº 3 | |
| 700 | 1 | |a Faya de Falcón, L.M. | |
| 700 | 1 | |a Pieri, S.M. | |
| 859 | |a AR-BbBCA |b BIB. AGRONOMIA |h 632.58 |i R696a2 |p 2008/5374 | ||
